LIBRARY & INFORMATION CENTRE, KCAET, TAVANUR

ONLINE PUBLIC ACCESS CATALOGUE (OPAC)

Concrete Dams / (Record no. 816)

MARC details
000 -LEADER
fixed length control field 00390cam a2200157ua 4500
003 - CONTROL NUMBER IDENTIFIER
control field OSt
008 - FIXED-LENGTH DATA ELEMENTS--GENERAL INFORMATION
fixed length control field 260213b |||||||| |||| 00| 0 eng d
020 ## - INTERNATIONAL STANDARD BOOK NUMBER
ISBN 81-7336-278-5
082 ## - DEWEY DECIMAL CLASSIFICATION NUMBER
Classification number 627.8
Item number CBI/CO
245 00 - TITLE STATEMENT
Title Concrete Dams /
260 ## - PUBLICATION, DISTRIBUTION, ETC. (IMPRINT)
Place of publication New Delhi :
Name of publisher C B Of Irrigation and power ,
Year of publication 1998.
300 ## - PHYSICAL DESCRIPTION
Number of Pages 537 ; .
490 0# - SERIES STATEMENT
Series statement Publication No.266,
942 ## - ADDED ENTRY ELEMENTS (KOHA)
Koha item type Books
Holdings
Withdrawn status Lost status Damaged status Home library Current library Date acquired Full call number Accession Number Koha item type
      KAUAET KAUAET 07/04/2012 627.8 20260 Reference
free website counter